01003nam a2200205Ia 4500008004100000020002200041245013800063246003000201260003900231300002100270500021600291504004100507650004800548650005000596700001900646710010500665003000100770005001700771040000900788  a1779100329 (pbk.)10aBeyond inequalities 2008 :bwomen in southern Africa /ccompiled by Barbara Lopi... [et.al.] ;foreword by Magdeline Mathiba-Madibela.30aWomen in southern Africa. aHarare, Zimbabwe :bSARDC,cc2008. a156 p. ;c26 cm. a"A profile of the situation of women in southern Africa, produced by the Women in Development Southern Africa Awareness (WIDSAA) programme of the Southern African Research and Documentation Centre (SARDC)"--T.p. aIncludes bibliographical references. 0aWomenzAfrica, SouthernxSocial conditions. 0aWomenzAfrica, SouthernxEconomic conditions.1 aLopi, Barbara.2 aSouthern African Research and Documentation Centre.bWomen in Development Southern Africa Awareness.20230123125004.0 cNUST